000
00304nam a22001337a 4500
008
181018b xxu||||| |||| 00| 0 eng d
020
_a
9780324171938
041
_a
eng
080
_2
6th
_a
330
100
_a
52
101
_a
MBE
245
_a
Economics and Contemporary Issues
_c
Egmand
942
_2
udc
_c
BK
999
_c
50138
_d
50138